01297 a2200277 4500003000500000005001700005010001700022020001500039040000900054082001100063100002000074245007800094250001200172260004100184300005900225505028300284650002400567651001100591700001700602856009800619856009000717856007800807942001200885999001900897952010300916Nust20170207154019.0 a 2004043360 a0471455652 cNust00a519.621 aHaupt, Randy L.10aPractical genetic algorithms - (E-BOOK)cRandy L. Haupt, Sue Ellen Haupt. a2nd ed. aHoboken, N.J. :bJohn Wiley,cc2004. axvii, 253 p. :bill. ;c24 cm. +e1 CD-ROM (4 3/4 in.) aIntroduction To Optimization (Page-1), The Binary Genetic Algorithm(Page-27), The Continuous Genetic Algorithm (Page-51),Basic Applications (Page-67), An Added Level Of Sophistication (Page-95), Advanced Applications (Page-151), More Natural Optimization Algorithms (Page-187). 0aGenetic algorithms. aE-BOOK1 aHaupt, S. E.423Contributor biographical informationuhttp://www.loc.gov/catdir/bios/wiley047/2004043360.html423Publisher descriptionuhttp://www.loc.gov/catdir/description/wiley041/2004043360.html423Table of contentsuhttp://www.loc.gov/catdir/toc/wiley041/2004043360.html 2ddccBK c191598d191598 00102ddc40708NFICaMCSbMCSd2016-12-12l0o519.62 HAUpMCSEB-861r2016-12-08w2016-12-12yBK